部首为氵的常见中文汉字 Common Chinese characters with the radical “Water” - Statistics

General Stats
  • This quiz has been taken 28 times
  • The average score is 215 of 379
Answer Stats
拼音首字母 笔画数 汉字 % Correct
b 8
95%
b 13
95%
c 6
95%
h 5
95%
h 10
95%
h 12
95%
j 6
95%
l 10
95%
s 7
95%
x 13
95%
y 8
95%
y 12
95%
a 15
90%
ɡ 12
90%
h 6
90%
h 8
90%
l 10
90%
m 7
90%
m 7
90%
p 8
90%
q 11
90%
s 11
90%
t 10
90%
t 11
90%
x 9
90%
y 8
90%
y 9
90%
y 10
90%
y 13
90%
b 8
86%
c 15
86%
h 7
86%
h 9
86%
h 11
86%
m 8
86%
n 8
86%
q 8
86%
r 6
86%
s 6
86%
s 9
86%
t 6
86%
w 7
86%
x 6
86%
y 7
86%
y 11
86%
z 8
86%
z 9
86%
z 12
86%
c 7
81%
c 15
81%
d 11
81%
f 7
81%
f 8
81%
ɡ 7
81%
ɡ 8
81%
h 9
81%
h 9
81%
j 10
81%
j 10
81%
l 8
81%
l 9
81%
l 11
81%
m 13
81%
m 13
81%
m 14
81%
p 10
81%
p 15
81%
q 7
81%
t 5
81%
t 8
81%
t 13
81%
t 15
81%
w 7
81%
x 12
81%
y 7
81%
y 11
81%
y 12
81%
z 5
81%
z 8
81%
c 7
76%
d 9
76%
d 12
76%
f 8
76%
f 10
76%
h 5
76%
h 9
76%
h 11
76%
h 12
76%
j 9
76%
j 9
76%
j 16
76%
l 7
76%
l 8
76%
l 10
76%
l 13
76%
p 14
76%
q 7
76%
q 9
76%
s 12 湿
76%
t 7
76%
t 9
76%
t 10
76%
t 13
76%
w 6
76%
w 12
76%
w 12
76%
w 12
76%
x 7
76%
x 10
76%
x 10
76%
y 10
76%
z 9
76%
z 10
76%
z 16
76%
c 15
71%
ɡ 20
71%
h 9
71%
h 12
71%
j 6
71%
j 9
71%
l 7
71%
l 9
71%
l 13
71%
m 7
71%
o 7
71%
p 8
71%
q 8
71%
q 11
71%
r 10
71%
r 13
71%
s 7
71%
t 10
71%
t 11
71%
w 10
71%
x 11
71%
z 8
71%
z 10
71%
c 11
67%
d 11
67%
d 14
67%
f 7
67%
ɡ 7
67%
ɡ 12
67%
h 10
67%
h 10
67%
h 11
67%
j 8
67%
j 9
67%
j 10
67%
j 12
67%
l 13
67%
l 13
67%
m 8
67%
n 9
67%
n 11
67%
p 15
67%
s 8
67%
s 8
67%
s 13
67%
t 15
67%
w 7
67%
w 9
67%
x 6
67%
x 8
67%
y 11
67%
y 11
67%
z 8
67%
z 11
67%
z 11
67%
z 12
67%
z 14
67%
b 10
62%
c 11
62%
c 14
62%
f 11
62%
ɡ 8
62%
ɡ 11
62%
h 8
62%
h 14
62%
j 11
62%
l 8
62%
l 10
62%
l 14
62%
l 15
62%
m 7
62%
m 12
62%
n 8
62%
p 12
62%
p 13
62%
q 14
62%
s 11
62%
t 12
62%
w 14
62%
x 8
62%
x 9
62%
y 8
62%
y 14
62%
z 8
62%
b 18
57%
b 24
57%
c 9
57%
d 11
57%
d 13
57%
f 7
57%
ɡ 13
57%
j 8
57%
l 8
57%
l 11
57%
n 13
57%
p 7
57%
p 9
57%
q 12
57%
q 15
57%
s 6
57%
s 10
57%
s 11
57%
t 13
57%
x 9
57%
y 11
57%
y 11
57%
y 13
57%
z 11
57%
b 7
52%
b 12
52%
d 10
52%
e 9
52%
h 10
52%
j 9
52%
k 12
52%
l 10
52%
l 16
52%
l 16
52%
m 8
52%
m 13
52%
p 8
52%
p 13
52%
s 14
52%
t 11
52%
x 9
52%
x 13
52%
x 14
52%
y 8 沿
52%
y 11
52%
y 14
52%
z 9
52%
c 6
48%
c 15
48%
d 7
48%
d 16
48%
h 19
48%
l 8
48%
l 13
48%
m 12
48%
n 10
48%
q 8
48%
s 11
48%
s 11
48%
s 12
48%
z 9
48%
z 12
48%
b 7
43%
b 17
43%
c 9
43%
c 11
43%
d 8
43%
ɡ 14
43%
h 9
43%
l 13
43%
l 14
43%
l 15
43%
l 16
43%
m 11
43%
n 20
43%
p 17
43%
q 7
43%
q 11
43%
r 17
43%
s 15
43%
w 7
43%
w 12
43%
x 14
43%
y 12
43%
y 14
43%
z 11 涿
43%
z 13
43%
b 10
38%
f 11
38%
h 7
38%
h 11
38%
j 9
38%
k 12
38%
l 9
38%
l 14
38%
l 14
38%
q 13
38%
w 9
38%
w 10
38%
x 8
38%
x 10
38%
x 12
38%
y 13
38%
y 19
38%
z 10
38%
z 12
38%
f 7
33%
h 9
33%
h 13
33%
h 17
33%
j 10
33%
l 16
33%
m 10
33%
m 12
33%
s 10
33%
s 16
33%
w 10
33%
x 19
33%
y 13
33%
b 16
29%
c 12
29%
h 21
29%
r 9
29%
x 9
29%
y 9
29%
z 7
29%
z 17
29%
b 13
24%
c 16
24%
ɡ 11
24%
h 13
24%
m 8
24%
m 13
24%
s 10
24%
x 11
24%
h 10
19%
h 14
19%
k 13
19%
q 6
19%
r 13
19%
s 15
19%
x 9
19%
z 9
19%
b 7
14%
c 10
14%
c 18
14%
f 6
14%
h 11
14%
h 13
14%
h 14
14%
j 12
14%
l 11
14%
m 9
14%
m 12
14%
p 12
14%
s 15
14%
s 15
14%
x 13
14%
y 7
14%
y 14
14%
z 14
14%
b 11
10%
b 18
10%
f 13
10%
l 11
10%
m 12
10%
p 9
10%
s 13
10%
x 12
10%
x 12
10%
b 14
5%
f 20
5%
l 7
5%
l 14
5%
t 11
5%
t 13
5%
w 11
5%
y 11
5%
y 20
5%
c 14
0%
w 12
0%
No matching quizzes found
Score Distribution
Percent of People with Each Score
Percentile by Number Answered
Your Score History
You have not taken this quiz